| 000 | 00707nam a2200217 i 4500 | ||
|---|---|---|---|
| 001 | 69916 | ||
| 003 | ES-MaACL | ||
| 005 | 20230906170647.0 | ||
| 007 | t| | ||
| 008 | 040713s1986 sp ||||1| spa d | ||
| 020 | _a84-85081-78-1 | ||
| 100 | 1 |
_aGarcía Lorca, Federico, _d1898-1936 _954853 |
|
| 245 | 1 | 3 |
_aLa zapatera prodigiosa / _cFederico García Lorca ; edición y estudio crítico de Lina Rodríguez Cacho. |
| 260 |
_aValencia : _bPre-Textos, _c1986. |
||
| 300 |
_a366 p. ; _c24 cm. |
||
| 504 | _aBibliografía. | ||
| 534 | _pReprod. facsímil de la 1ª versión autógrafa inédita. | ||
| 700 | 1 |
_aRodríguez Cacho, Lina. _998396 |
|
| 852 |
_aES-MaACL _jL-10617 |
||
| 999 |
_c69916 _d69916 |
||